LEADER 01204nam a2200241 i 4500 001 000000026160 003 CaOOAMICUS 005 20200505170115.0 008 180830s18061808it u000 u ita u 040 $aSeMil$bita 100 1 $aSallustius Crispus, Gaius,$d<86-ca. 34 aC.>.$0(OLS)http://semarc/name/11692 245 10$aOpere di C. C. Salustio in italiano recate dall'abate Bartolommeo Nardini membro del magistrato di revisione col testo a fronte e con note. Volume 1. [-3.]. 260 $aBrescia :$bPer Nicoḷ Bettoni,$c1806-1808. 300 $a3 v. ;$c8°. 650 4$aSallustio, Crispo Gaio <86-34 a.C.> - Opere.$0(OLS)http://semarc/subject/4191 700 1 $aNardini, Bartolommeo.$0(OLS)http://semarc/name/11691 700 1 $aBettoni, Nicoḷ,$c.$0(OLS)http://semarc/name/3818 774 0 $tVol. 1.$w()210375 774 0 $tVol. 2.$w()210377 774 0 $tVol. 3.$w()210379 996 $6245$aOpere di C. C. Salustio in italiano recate dall'abate Bartolommeo Nardini membro del magistrato di revisione col testo a fronte e con note. Volume 1. [-3.]$9(OLS)http://semarc/title/35292 996 $6260$aBrescia :$bPer Nicoḷ Bettoni$9(OLS)http://semarc/publisher/36603 LEADER 01207nam a2200289 i 4500 001 000000106237 003 CaOOAMICUS 005 20060706000000.0 008 060706s2002 it u000 u ita u 013 $a78431 020 $a88-394-0646-8 040 $aSeMil$bita 100 1 $aAshton, John.$0(OLS)http://semarc/name/44708 240 14$aThe religion of Paul the Apostle.$0(OLS)http://semarc/title/153999 245 13$aLa religione dell'apostolo Paolo /$cJohn Ashton ; edizione italiana a cura di Oscar Ianovitz. 260 $aBrescia :$bPaideia,$c2002. 300 $a340 p. ;$c21 cm. 490 0 $aStudi biblici ;$v136 600 04$aPaolo .$0(OLS)http://semarc/subject/1316 700 1 $aIanovitz, Oscar.$0(OLS)http://semarc/name/7230 830 0$aStudi biblici ;$v136.$0(OLS)http://semarc/title/33 850 $aSeMil 852 $aSeMil$W1$xVenegono$y1$m2WA A 136$j245153$B62381$CSeMilBibl$Z2$F72171 $81 961 $aSottoscrizione: Paideia 996 $6020$a88-394-0646-8$9(OLS)http://semarc/number/86753 996 $6245$aLa religione dell'apostolo Paolo$9(OLS)http://semarc/title/153998 996 $6260$aBrescia :$bPaideia$9(OLS)http://semarc/publisher/29614